000 00223nam a22000857a 4500
008 160811b xxu||||| |||| 00| 0 eng d
100 _9112
_aAggarwal R.S
245 _aMathematics-8
260 _aNew Delhi
_bBharati Publication
_c2012
999 _c2766
_d2766